[Event "Liga Madrileña - DH 2016-2017"]
[Site "Madrid ESP"]
[Date "2017.01.29"]
[Round "7.24"]
[White "Shen, Yue"]
[Black "Ruperez Benito, Antonio"]
[Result "1-0"]
[WhiteElo "2223"]
[BlackElo "2313"]
[PlyCount "101"]
[EventDate "2016.11.20"]
[EventType "team-tourn"]
[EventRounds "14"]
[EventCountry "ESP"]
[SourceTitle "Ajedrez en Madrid"]
[Source "lmi"]
[SourceDate "2016.11.20"]
[WhiteTeam "Blanco y Negro"]
[BlackTeam "64 Villalba"]
[WhiteTeamCountry "ESP"]
[BlackTeamCountry "ESP"]

1. d4 d5 2. c4 e6 3. g3 Nf6 4. Nf3 Be7 5. Bg2 c6 6. Qc2 b6 7. O-O Bb7 8. Nbd2
Nbd7 9. Rd1 Rc8 10. e4 O-O 11. e5 Ne8 12. cxd5 cxd5 13. Qa4 Qc7 14. Re1 Qc6 15.
Qb3 Ba6 16. a3 Nc7 17. Nf1 Qb5 18. Qe3 Qd3 19. Qf4 f6 20. exf6 Bxf6 21. Qg4 Qg6
22. Qxg6 hxg6 23. Bf4 Rfe8 24. Ne3 Bd3 25. Bxc7 Rxc7 26. Nxd5 Rcc8 27. Nxf6+
gxf6 28. Re3 Ba6 29. Bh3 Bc4 30. Rc1 Nf8 31. Rec3 Ba6 32. Rc7 Rxc7 33. Rxc7 Rc8
34. Rxc8 Bxc8 35. d5 Bb7 36. dxe6 Bxf3 37. e7 Kf7 38. exf8=Q+ Kxf8 39. Bg2 Bd1
40. Kf1 Ke7 41. Ke1 Ba4 42. Kd2 Kd6 43. h4 a5 44. Be4 Be8 45. Bd3 Bf7 46. Ke3
Kc5 47. g4 Be8 48. f4 Kd5 49. f5 g5 50. h5 Kd6 51. h6 1-0

[Event "Liga Madrileña - DH 2016-2017"]
[Site "Madrid ESP"]
[Date "2017.01.29"]
[Round "7.25"]
[White "Lopez del Alamo, Antonio"]
[Black "Alba Linero, Emilio"]
[Result "0-1"]
[WhiteElo "2245"]
[BlackElo "2202"]
[PlyCount "148"]
[EventDate "2016.11.20"]
[EventType "team-tourn"]
[EventRounds "14"]
[EventCountry "ESP"]
[SourceTitle "Ajedrez en Madrid"]
[Source "lmi"]
[SourceDate "2016.11.20"]
[WhiteTeam "64 Villalba"]
[BlackTeam "Blanco y Negro"]
[WhiteTeamCountry "ESP"]
[BlackTeamCountry "ESP"]

1. e4 e5 2. Bc4 Nc6 3. Nc3 Nf6 4. d3 Bc5 5. f4 d6 6. Nf3 a6 7. f5 Na5 8. a3
Nxc4 9. dxc4 h6 10. Qe2 Bd7 11. Be3 Qe7 12. O-O Bc6 13. Bxc5 dxc5 14. Kh1 O-O-O
15. Rab1 b6 16. b4 Rhe8 17. Nd5 Bxd5 18. cxd5 Kb7 19. c4 Ka7 20. Ne1 Nd7 21.
Nd3 Qd6 22. Rb3 Rg8 23. Qf2 Rdf8 24. Rfb1 Rb8 25. Qb2 g6 26. Rf1 Rge8 27. Qf2
Ka8 28. h3 h5 29. Qh4 Qe7 30. Qxe7 Rxe7 31. fxg6 fxg6 32. Nc1 cxb4 33. axb4 Rf8
34. Rxf8+ Nxf8 35. Nd3 Nd7 36. Ra3 Kb7 37. c5 bxc5 38. Nxc5+ Nxc5 39. bxc5 Rf7
40. Rb3+ Kc8 41. c6 Rf4 42. Rb4 h4 43. Ra4 Kd8 44. Rxa6 Rxe4 45. Ra8+ Ke7 46.
Rc8 Kd6 47. Rd8+ Kc5 48. Rd7 Re1+ 49. Kh2 e4 50. Rxc7 Kxd5 51. Rc8 Kd6 52. Rh8
g5 53. Rh6+ Ke5 54. Rh8 Rc1 55. Re8+ Kf4 56. Rf8+ Ke3 57. Rf6 Ke2 58. g3 e3 59.
gxh4 gxh4 60. Kg2 Rc5 61. Rg6 Kd2 62. Rd6+ Ke1 63. Kf3 e2 64. Re6 Rc3+ 65. Kg4
Kd2 66. Rd6+ Ke3 67. Re6+ Kf2 68. Rf6+ Kg2 69. Re6 Rc4+ 70. Kh5 Kf3 71. Rf6+
Kg3 72. Rg6+ Kxh3 73. Re6 Rc5+ 74. Kg6 Rxc6 0-1

[Event "Liga Madrileña - DH 2016-2017"]
[Site "Madrid ESP"]
[Date "2017.01.29"]
[Round "7.26"]
[White "Bento Iglesias, Pablo"]
[Black "Veganzonez Rojo, David"]
[Result "1/2-1/2"]
[WhiteElo "2001"]
[BlackElo "2117"]
[PlyCount "98"]
[EventDate "2016.11.20"]
[EventType "team-tourn"]
[EventRounds "14"]
[EventCountry "ESP"]
[SourceTitle "Ajedrez en Madrid"]
[Source "lmi"]
[SourceDate "2016.11.20"]
[WhiteTeam "Blanco y Negro"]
[BlackTeam "64 Villalba"]
[WhiteTeamCountry "ESP"]
[BlackTeamCountry "ESP"]

1. e4 e5 2. Nf3 Nc6 3. Bb5 f5 4. d3 fxe4 5. dxe4 Nf6 6. O-O Bc5 7. Nc3 O-O 8.
Bg5 d6 9. Nd5 Kh8 10. Nh4 Be6 11. c3 Qd7 12. Bxf6 gxf6 13. Qh5 Qg7 14. Bxc6
bxc6 15. Ne7 Bf7 16. Qf3 Be8 17. Nhf5 Qf7 18. b4 Bb6 19. Rfd1 a5 20. a4 Bd7 21.
Rd3 Rfe8 22. Qg3 Rxe7 23. Nxe7 Qxe7 24. Qh4 Rg8 25. Rg3 Rxg3 26. hxg3 Qg7 27.
bxa5 Bxa5 28. Rb1 Qg5 29. Rb8+ Kg7 30. Qxg5+ fxg5 31. Ra8 Bxc3 32. a5 c5 33. a6
Bc6 34. Rc8 Ba5 35. a7 Bxe4 36. f3 Bd5 37. a8=Q Bxa8 38. Rxa8 Bb6 39. g4 c4+
40. Kf1 Kf6 41. Ke2 d5 42. Rf8+ Ke6 43. Re8+ Kd6 44. Rh8 d4 45. Rxh7 d3+ 46.
Kd2 Ba5+ 47. Ke3 Bb6+ 48. Kd2 Ba5+ 49. Ke3 Bb6+ 1/2-1/2

[Event "Liga Madrileña - DH 2016-2017"]
[Site "Madrid ESP"]
[Date "2017.01.29"]
[Round "7.31"]
[White "Moreno Ruiz, Javier"]
[Black "Solaesa Navalpotro, Luis Julio"]
[Result "1-0"]
[WhiteElo "2448"]
[BlackElo "2215"]
[PlyCount "119"]
[EventDate "2016.11.20"]
[EventType "team-tourn"]
[EventRounds "14"]
[EventCountry "ESP"]
[SourceTitle "Ajedrez en Madrid"]
[Source "lmi"]
[SourceDate "2016.11.20"]
[WhiteTeam "Collado Villalba"]
[BlackTeam "Moratalaz"]
[WhiteTeamCountry "ESP"]
[BlackTeamCountry "ESP"]

1. e4 c6 2. d4 d5 3. e5 Bf5 4. Nf3 e6 5. Be2 Nd7 6. O-O Ne7 7. Nh4 Bg6 8. c3 c5
9. Nd2 Nc6 10. Nxg6 hxg6 11. Nf3 Be7 12. Be3 f6 13. exf6 gxf6 14. c4 cxd4 15.
Nxd4 Qc7 16. g3 Nxd4 17. Qxd4 dxc4 18. Qxc4 Qxc4 19. Bxc4 Kf7 20. Rfd1 Ne5 21.
Be2 Rhd8 22. Rac1 Rac8 23. Bxa7 Rxd1+ 24. Rxd1 Ra8 25. Bd4 Rxa2 26. f4 Nc6 27.
Bc3 Bc5+ 28. Kf1 Ke7 29. Bc4 Ra4 30. Bb3 Ra6 31. Bc2 f5 32. Bb3 Nb4 33. Ke2 Rd6
34. Rc1 Nc6 35. Kf1 Bd4 36. Ke2 Bb6 37. Bc4 Nd4+ 38. Kf1 Nc6 39. Ra1 Bd4 40.
Ke2 e5 41. fxe5 Nxe5 42. Bb5 Bxc3 43. bxc3 Nd7 44. Ra8 Nc5 45. Rb8 Kf6 46. Ke3
b6 47. Rc8 Re6+ 48. Kf3 g5 49. h3 Kg7 50. h4 gxh4 51. gxh4 Kf6 52. h5 Kg5 53.
Be8 Ne4 54. Bf7 Re7 55. Rg8+ Kf6 56. Bg6 Nxc3 57. h6 Ne4 58. Kf4 Ng5 59. Bxf5
Ne6+ 60. Kg4 1-0

[Event "Liga Madrileña - DH 2016-2017"]
[Site "Madrid ESP"]
[Date "2017.01.29"]
[Round "7.32"]
[White "Cortes Jurado, Rafael"]
[Black "Reyes Larena, Juan"]
[Result "0-1"]
[WhiteElo "2119"]
[BlackElo "2448"]
[PlyCount "70"]
[EventDate "2016.11.20"]
[EventType "team-tourn"]
[EventRounds "14"]
[EventCountry "ESP"]
[SourceTitle "Ajedrez en Madrid"]
[Source "lmi"]
[SourceDate "2016.11.20"]
[WhiteTeam "Moratalaz"]
[BlackTeam "Collado Villalba"]
[WhiteTeamCountry "ESP"]
[BlackTeamCountry "ESP"]

1. e4 e5 2. f4 d5 3. exd5 e4 4. d3 Nf6 5. dxe4 Nxe4 6. Nf3 Be7 7. c4 O-O 8. Bd3
Bb4+ 9. Kf1 Nf6 10. Bd2 Bd6 11. Nc3 c6 12. Qc2 Na6 13. a3 Nc5 14. b4 Nxd3 15.
Qxd3 cxd5 16. Nxd5 Nxd5 17. Qxd5 Be6 18. Qd4 Qc7 19. c5 Be7 20. Qe5 Qd7 21. Rc1
Bf6 22. Qe3 Rfe8 23. Ne5 Bxe5 24. fxe5 Rad8 25. Be1 Bd5 26. Bg3 Bc6 27. Ke2
Qg4+ 28. Kf2 Qf5+ 29. Ke2 Bb5+ 30. Ke1 Rd3 31. Qf4 Qh5 32. Qe4 Red8 33. Qe2
Rd1+ 34. Qxd1 Rxd1+ 35. Rxd1 Qe2# 0-1

[Event "Liga Madrileña - DH 2016-2017"]
[Site "Madrid ESP"]
[Date "2017.01.29"]
[Round "7.33"]
[White "Gascon del Nogal, Jose Rafael"]
[Black "Mansilla Tolosa, Luis Eduardo"]
[Result "1-0"]
[WhiteElo "2442"]
[BlackElo "2057"]
[PlyCount "53"]
[EventDate "2016.11.20"]
[EventType "team-tourn"]
[EventRounds "14"]
[EventCountry "ESP"]
[SourceTitle "Ajedrez en Madrid"]
[Source "lmi"]
[SourceDate "2016.11.20"]
[WhiteTeam "Collado Villalba"]
[BlackTeam "Moratalaz"]
[WhiteTeamCountry "ESP"]
[BlackTeamCountry "ESP"]

1. e4 c5 2. Nf3 d6 3. Bb5+ Bd7 4. Bxd7+ Nxd7 5. O-O g6 6. c3 Ngf6 7. Qe2 Bg7 8.
d4 e6 9. Bf4 Qc7 10. Na3 e5 11. Nb5 Qb8 12. Nxd6+ Qxd6 13. dxe5 Qc6 14. exf6
Nxf6 15. Ne5 Qb6 16. Nc4 Qc6 17. Nd6+ Ke7 18. e5 Ne8 19. Rad1 h6 20. e6 fxe6
21. Rfe1 Nc7 22. Qg4 Raf8 23. Qxg6 Rhg8 24. Bg3 Bxc3 25. Nf5+ Rxf5 26. Qxg8 Rf8
27. Bh4+ 1-0

[Event "Liga Madrileña - DH 2016-2017"]
[Site "Madrid ESP"]
[Date "2017.01.29"]
[Round "7.34"]
[White "Cobo Diego, Fidel"]
[Black "Martin Duque, Jesus"]
[Result "0-1"]
[WhiteElo "2056"]
[BlackElo "2312"]
[PlyCount "73"]
[EventDate "2016.11.20"]
[EventType "team-tourn"]
[EventRounds "14"]
[EventCountry "ESP"]
[SourceTitle "Ajedrez en Madrid"]
[Source "lmi"]
[SourceDate "2016.11.20"]
[WhiteTeam "Moratalaz"]
[BlackTeam "Collado Villalba"]
[WhiteTeamCountry "ESP"]
[BlackTeamCountry "ESP"]

1. e4 c5 2. Nf3 e6 3. d4 cxd4 4. Nxd4 Nc6 5. Nc3 Qc7 6. Be2 a6 7. O-O Nf6 8.
Be3 Be7 9. f4 d6 10. a4 O-O 11. Kh1 Re8 12. Bf3 Bd7 13. Nb3 b6 14. g4 Bc8 15.
g5 Nd7 16. Bg2 Rb8 17. Rf3 g6 18. Rh3 Bf8 19. Rh4 Bg7 20. Qf3 Na5 21. Qh3 Nf8
22. Nxa5 bxa5 23. Bc1 Rb4 24. Qd3 Bb7 25. Rh3 Nd7 26. Ra3 Nc5 27. Qe2 Bc6 28.
Na2 Rd4 29. b3 Rxe4 30. Bxe4 Bxe4+ 31. Kg1 e5 32. Bb2 Qd7 33. b4 axb4 34. Nxb4
a5 35. Na2 Rb8 36. Bc3 Rb1+ 37. Be1 0-1

[Event "Liga Madrileña - DH 2016-2017"]
[Site "Madrid ESP"]
[Date "2017.01.29"]
[Round "7.35"]
[White "Ortega Ruiz, Jose Miguel"]
[Black "Gonzalez Rivera, Eduardo"]
[Result "1-0"]
[WhiteElo "2233"]
[BlackElo "2040"]
[PlyCount "65"]
[EventDate "2016.11.20"]
[EventType "team-tourn"]
[EventRounds "14"]
[EventCountry "ESP"]
[SourceTitle "Ajedrez en Madrid"]
[Source "lmi"]
[SourceDate "2016.11.20"]
[WhiteTeam "Collado Villalba"]
[BlackTeam "Moratalaz"]
[WhiteTeamCountry "ESP"]
[BlackTeamCountry "ESP"]

1. d4 d5 2. Nf3 Nf6 3. c4 c6 4. Nc3 dxc4 5. a4 Be6 6. e4 h6 7. Ne5 g6 8. Nxc4
Bg7 9. Ne3 O-O 10. Be2 Ne8 11. d5 cxd5 12. exd5 Bc8 13. O-O Nd6 14. Ng4 Bxg4
15. Bxg4 Nd7 16. Re1 Rc8 17. Qe2 Re8 18. Bf4 f5 19. Bf3 Kh7 20. h4 Nf7 21. h5
g5 22. Qe6 Rf8 23. Qxf5+ Kh8 24. Be4 Nf6 25. Bg3 Rxc3 26. bxc3 Nxe4 27. Qxe4
Bxc3 28. Rac1 Bxe1 29. Rxe1 Re8 30. Qf5 Qa5 31. Be5+ Nxe5 32. Qxe5+ Kg8 33.
Qe6+ 1-0

[Event "Liga Madrileña - DH 2016-2017"]
[Site "Madrid ESP"]
[Date "2017.01.29"]
[Round "7.36"]
[White "Garcia Gonzalez, Jesus"]
[Black "Collazo Hidalgo Gato, Niala"]
[Result "0-1"]
[WhiteElo "2033"]
[BlackElo "2225"]
[PlyCount "48"]
[EventDate "2016.11.20"]
[EventType "team-tourn"]
[EventRounds "14"]
[EventCountry "ESP"]
[SourceTitle "Ajedrez en Madrid"]
[Source "lmi"]
[SourceDate "2016.11.20"]
[WhiteTeam "Moratalaz"]
[BlackTeam "Collado Villalba"]
[WhiteTeamCountry "ESP"]
[BlackTeamCountry "ESP"]

1. e4 c5 2. c3 Nf6 3. e5 Nd5 4. d4 cxd4 5. Nf3 e6 6. cxd4 Qc7 7. Bd3 b6 8. O-O
Bb7 9. a3 d6 10. Nc3 Nxc3 11. bxc3 Nd7 12. Bf4 Rd8 13. Re1 Be7 14. Ng5 dxe5 15.
dxe5 Nc5 16. Bb5+ Bc6 17. Qe2 O-O 18. Nf3 Bxb5 19. Qxb5 Nd3 20. Re4 Qxc3 21.
Rf1 Rd5 22. Qa6 Nc5 23. Qxa7 Rd7 24. Re3 Qb2 0-1

[Event "Liga Madrileña - DH 2016-2017"]
[Site "Madrid ESP"]
[Date "2017.01.29"]
[Round "7.41"]
[White "Candela Perez, Jose"]
[Black "Rubio Mejia, Luis Ignacio"]
[Result "1/2-1/2"]
[WhiteElo "2400"]
[BlackElo "2443"]
[PlyCount "37"]
[EventDate "2016.11.20"]
[EventType "team-tourn"]
[EventRounds "14"]
[EventCountry "ESP"]
[SourceTitle "Ajedrez en Madrid"]
[Source "lmi"]
[SourceDate "2016.11.20"]
[WhiteTeam "La Casa del Ajedrez"]
[BlackTeam "Virgen de Atocha"]
[WhiteTeamCountry "ESP"]
[BlackTeamCountry "ESP"]

1. d4 Nf6 2. c4 e6 3. Nf3 Bb4+ 4. Nbd2 O-O 5. a3 Be7 6. e4 d5 7. cxd5 exd5 8.
e5 Nfd7 9. Bd3 c5 10. Qc2 h6 11. dxc5 Nxc5 12. Bh7+ Kh8 13. b4 Ne6 14. Bf5 a5
15. bxa5 Nc6 16. Bb2 Qxa5 17. O-O Nc5 18. Bxc8 Raxc8 19. Rfb1 1/2-1/2

[Event "Liga Madrileña - DH 2016-2017"]
[Site "Madrid ESP"]
[Date "2017.01.29"]
[Round "7.42"]
[White "Espinosa Aranda, Angel"]
[Black "Suarez Uriel, Adrian"]
[Result "1/2-1/2"]
[WhiteElo "2442"]
[BlackElo "2354"]
[PlyCount "76"]
[EventDate "2016.11.20"]
[EventType "team-tourn"]
[EventRounds "14"]
[EventCountry "ESP"]
[SourceTitle "Ajedrez en Madrid"]
[Source "lmi"]
[SourceDate "2016.11.20"]
[WhiteTeam "Virgen de Atocha"]
[BlackTeam "La Casa del Ajedrez"]
[WhiteTeamCountry "ESP"]
[BlackTeamCountry "ESP"]

1. c4 e5 2. g3 Nf6 3. Bg2 h6 4. b3 Bc5 5. Bb2 O-O 6. e3 Re8 7. Ne2 d5 8. cxd5
Nxd5 9. O-O Nc6 10. a3 a5 11. d3 Be6 12. Nd2 a4 13. e4 Nb6 14. b4 Bd4 15. Nxd4
Nxd4 16. Rc1 Qd7 17. Bxd4 Qxd4 18. Rxc7 Qxd3 19. Rxb7 Qd6 20. Qc1 Rec8 21. Qb2
Nc4 22. Nxc4 Bxc4 23. b5 Bxf1 24. Bxf1 Rcb8 25. Rxb8+ Rxb8 26. Bc4 Qd1+ 27. Kg2
Qd4 28. Qc2 g6 29. Bxf7+ Kg7 30. Bxg6 Kxg6 31. Qc6+ Kg7 32. Qc7+ Kg6 33. Qxb8
Qxe4+ 34. Kh3 Qf5+ 35. Kg2 Qe4+ 36. Kf1 Qh1+ 37. Ke2 Qe4+ 38. Kf1 Qh1+ 1/2-1/2

[Event "Liga Madrileña - DH 2016-2017"]
[Site "Madrid ESP"]
[Date "2017.01.29"]
[Round "7.43"]
[White "Bass, Leonid"]
[Black "Plazuelo Pascual, Juan"]
[Result "1/2-1/2"]
[WhiteElo "2368"]
[BlackElo "2307"]
[PlyCount "42"]
[EventDate "2016.11.20"]
[EventType "team-tourn"]
[EventRounds "14"]
[EventCountry "ESP"]
[SourceTitle "Ajedrez en Madrid"]
[Source "lmi"]
[SourceDate "2016.11.20"]
[WhiteTeam "La Casa del Ajedrez"]
[BlackTeam "Virgen de Atocha"]
[WhiteTeamCountry "ESP"]
[BlackTeamCountry "ESP"]

1. d4 Nf6 2. c4 b6 3. Nc3 Bb7 4. Nf3 e6 5. g3 Bb4 6. Bd2 O-O 7. Bg2 c5 8. dxc5
bxc5 9. O-O Qe7 10. Rc1 Rd8 11. a3 Bxc3 12. Bxc3 d6 13. b4 Nbd7 14. Qd3 Nb6 15.
Ba1 Rac8 16. Rfd1 h6 17. h3 d5 18. cxd5 Rxd5 19. Qb1 Rxd1+ 20. Rxd1 c4 21. Rc1
Bd5 1/2-1/2

[Event "Liga Madrileña - DH 2016-2017"]
[Site "Madrid ESP"]
[Date "2017.01.29"]
[Round "7.44"]
[White "Quispe Arteaga, Gabriel"]
[Black "Elguezabal Varela, Daniel"]
[Result "1/2-1/2"]
[WhiteElo "2270"]
[BlackElo "2345"]
[PlyCount "63"]
[EventDate "2016.11.20"]
[EventType "team-tourn"]
[EventRounds "14"]
[EventCountry "ESP"]
[SourceTitle "Ajedrez en Madrid"]
[Source "lmi"]
[SourceDate "2016.11.20"]
[WhiteTeam "Virgen de Atocha"]
[BlackTeam "La Casa del Ajedrez"]
[WhiteTeamCountry "ESP"]
[BlackTeamCountry "ESP"]

1. d4 Nf6 2. c4 e6 3. Nf3 d5 4. e3 a6 5. Nbd2 c5 6. b3 cxd4 7. Nxd4 Bb4 8. Qc2
Ne4 9. Bd3 Nxd2 10. Bxd2 Bxd2+ 11. Qxd2 e5 12. Ne2 Be6 13. cxd5 Bxd5 14. Rd1
Bc6 15. O-O Nd7 16. Bc4 Nf6 17. Qxd8+ Rxd8 18. Rxd8+ Kxd8 19. Bxf7 Bb5 20. Bc4
Bxc4 21. bxc4 Kd7 22. Rd1+ Kc6 23. Nc1 Re8 24. Nb3 b6 25. f3 Re7 26. Kf2 Ne8
27. Rd8 Nd6 28. Nd2 Kc5 29. Nb3+ Kc6 30. Nd2 Kc5 31. Nb3+ Kc6 32. Nd2 1/2-1/2

[Event "Liga Madrileña - DH 2016-2017"]
[Site "Madrid ESP"]
[Date "2017.01.29"]
[Round "7.45"]
[White "Guadamuro Torrente, Anabel"]
[Black "Rabadan Velasco, Raul"]
[Result "1/2-1/2"]
[WhiteElo "2130"]
[BlackElo "2230"]
[PlyCount "115"]
[EventDate "2016.11.20"]
[EventType "team-tourn"]
[EventRounds "14"]
[EventCountry "ESP"]
[SourceTitle "Ajedrez en Madrid"]
[Source "lmi"]
[SourceDate "2016.11.20"]
[WhiteTeam "La Casa del Ajedrez"]
[BlackTeam "Virgen de Atocha"]
[WhiteTeamCountry "ESP"]
[BlackTeamCountry "ESP"]

1. e4 d6 2. d3 Nf6 3. g3 e5 4. Bg2 Be7 5. Nc3 O-O 6. Nge2 c6 7. O-O b5 8. a3 a5
9. d4 Ba6 10. b4 Nbd7 11. f4 Bb7 12. Rb1 axb4 13. axb4 Qc7 14. Kh1 Nb6 15. fxe5
dxe5 16. dxe5 Rad8 17. Qe1 Qxe5 18. Bf4 Qh5 19. Bc7 Ng4 20. h3 Nc4 21. Bxd8
Rxd8 22. Nf4 Qh6 23. Rd1 Re8 24. Rd7 Bc8 25. Qd1 Bxd7 26. Qxd7 Nf6 27. Qxc6 Rb8
28. Nfd5 Nxd5 29. Nxd5 Bd6 30. Qd7 Ne5 31. Ne7+ Kf8 32. Qa7 Qe6 33. Nf5 Rc8 34.
Nxd6 Qxd6 35. Qf2 g6 36. Qf4 Kg7 37. Rf2 Rc4 38. Rd2 Rd4 39. Rxd4 Qxd4 40. Bf1
f6 41. Bxb5 g5 42. Qf5 Qxb4 43. Bd3 Qe1+ 44. Kg2 h5 45. Qf2 Qc1 46. Qf1 Qb2 47.
Qe2 Kg6 48. Qd1 Qd4 49. g4 h4 50. Qe2 Qa1 51. Qf1 Qb2 52. Qf5+ Kg7 53. Qe6 Qc3
54. Qe7+ Kg6 55. Qe8+ Kg7 56. Qe7+ Kg6 57. Qe8+ Kg7 58. Qe7+ 1/2-1/2

[Event "Liga Madrileña - DH 2016-2017"]
[Site "Madrid ESP"]
[Date "2017.01.29"]
[Round "7.46"]
[White "Vazquez Torres, Adrian"]
[Black "Collado Barbas, Laura"]
[Result "1-0"]
[WhiteElo "2223"]
[BlackElo "2096"]
[PlyCount "85"]
[EventDate "2016.11.20"]
[EventType "team-tourn"]
[EventRounds "14"]
[EventCountry "ESP"]
[SourceTitle "Ajedrez en Madrid"]
[Source "lmi"]
[SourceDate "2016.11.20"]
[WhiteTeam "Virgen de Atocha"]
[BlackTeam "La Casa del Ajedrez"]
[WhiteTeamCountry "ESP"]
[BlackTeamCountry "ESP"]

1. c4 e6 2. g3 d5 3. Bg2 Nf6 4. Nf3 Be7 5. O-O d4 6. e3 c5 7. exd4 cxd4 8. d3
Nc6 9. Re1 O-O 10. Na3 Nd7 11. Bf4 Bxa3 12. bxa3 Qe7 13. Bc1 Qd6 14. Rb1 Nc5
15. Bf4 Qe7 16. Bc1 Rd8 17. Ng5 h6 18. Ne4 a6 19. Qe2 Na4 20. Qc2 Nc5 21. Bd2
Nxe4 22. Bxe4 Qd7 23. Bg2 f6 24. f4 Ne7 25. Rb6 Nc6 26. Qa4 Qc7 27. Rxc6 bxc6
28. Ba5 Qd6 29. c5 Qf8 30. Bxd8 Qxd8 31. Rb1 Ra7 32. Qxc6 Bd7 33. Qd6 Qc7 34.
Rb8+ Kf7 35. Rf8+ Kg6 36. Be4+ Kh5 37. Bf3+ Kg6 38. Qxd4 e5 39. fxe5 fxe5 40.
Be4+ Kh5 41. Bf3+ Kg6 42. Qe4+ Kg5 43. h4# 1-0

[Event "Liga Madrileña - DH 2016-2017"]
[Site "Madrid ESP"]
[Date "2017.02.05"]
[Round "8.11"]
[White "Candela Perez, Jose"]
[Black "Serrano Salvador, Eduardo"]
[Result "0-1"]
[WhiteElo "2400"]
[BlackElo "2304"]
[PlyCount "94"]
[EventDate "2016.11.20"]
[EventType "team-tourn"]
[EventRounds "14"]
[EventCountry "ESP"]
[SourceTitle "Ajedrez en Madrid"]
[Source "lmi"]
[SourceDate "2016.11.20"]
[WhiteTeam "La Casa del Ajedrez"]
[BlackTeam "Moratalaz"]
[WhiteTeamCountry "ESP"]
[BlackTeamCountry "ESP"]

1. d4 d5 2. c4 c6 3. Nf3 Nf6 4. Nc3 e6 5. Bg5 dxc4 6. e4 b5 7. e5 h6 8. Bh4 g5
9. exf6 gxh4 10. Ne5 Qxf6 11. Be2 Nd7 12. Nxc6 Bb7 13. Bf3 a6 14. a4 b4 15. Ne4
Qf4 16. Nd2 Rc8 17. g3 Qc7 18. d5 Ne5 19. O-O Nxf3+ 20. Qxf3 Bxc6 21. dxc6 Qxc6
22. Qf6 h3 23. f3 Rg8 24. Rac1 Be7 25. Qxh6 Bg5 26. Qh7 Bxd2 27. Qxg8+ Ke7 28.
Qg4 Be3+ 29. Kh1 Bxc1 30. Rxc1 Qd5 31. Qh4+ f6 32. Rf1 Qd3 33. Qxh3 c3 34. bxc3
bxc3 35. Re1 Rc6 36. Qg4 c2 37. Qg7+ Ke8 38. Qg8+ Kd7 39. Qf7+ Kc8 40. Qe8+ Kc7
41. Qe7+ Qd7 42. Qa3 Qd2 43. Rc1 Kd7 44. Qb2 Rc7 45. h4 Ke7 46. Qa3+ Kf7 47. h5
Rd7 0-1

[Event "Liga Madrileña - DH 2016-2017"]
[Site "Madrid ESP"]
[Date "2017.02.05"]
[Round "8.12"]
[White "Solaesa Navalpotro, Luis Julio"]
[Black "Bass, Leonid"]
[Result "1/2-1/2"]
[WhiteElo "2215"]
[BlackElo "2368"]
[PlyCount "62"]
[EventDate "2016.11.20"]
[EventType "team-tourn"]
[EventRounds "14"]
[EventCountry "ESP"]
[SourceTitle "Ajedrez en Madrid"]
[Source "lmi"]
[SourceDate "2016.11.20"]
[WhiteTeam "Moratalaz"]
[BlackTeam "La Casa del Ajedrez"]
[WhiteTeamCountry "ESP"]
[BlackTeamCountry "ESP"]

1. d4 Nf6 2. c4 e6 3. Nf3 Bb4+ 4. Nbd2 O-O 5. a3 Be7 6. e4 d5 7. Qc2 dxe4 8.
Nxe4 Nbd7 9. Nxf6+ Nxf6 10. Bd3 b6 11. Bg5 h6 12. Bxf6 Bxf6 13. O-O-O Bb7 14.
Bh7+ Kh8 15. Be4 Qb8 16. Ne5 c5 17. f4 cxd4 18. Bxb7 Qxb7 19. Rxd4 Rad8 20.
Rhd1 Rxd4 21. Rxd4 Bxe5 22. fxe5 Qc7 23. Qe4 b5 24. Kb1 Rb8 25. cxb5 Rxb5 26.
Qd3 Rb8 27. Rd6 Qc5 28. Qd4 Qb5 29. Rd7 Qf1+ 30. Ka2 Qxg2 31. Rxf7 Qxh2 1/2-1/2

[Event "Liga Madrileña - DH 2016-2017"]
[Site "Madrid ESP"]
[Date "2017.02.05"]
[Round "8.13"]
[White "Elguezabal Varela, Daniel"]
[Black "Fraga Castro, Jose Carlos"]
[Result "1/2-1/2"]
[WhiteElo "2345"]
[BlackElo "2207"]
[PlyCount "106"]
[EventDate "2016.11.20"]
[EventType "team-tourn"]
[EventRounds "14"]
[EventCountry "ESP"]
[SourceTitle "Ajedrez en Madrid"]
[Source "lmi"]
[SourceDate "2016.11.20"]
[WhiteTeam "La Casa del Ajedrez"]
[BlackTeam "Moratalaz"]
[WhiteTeamCountry "ESP"]
[BlackTeamCountry "ESP"]

1. d4 f5 2. g3 Nf6 3. Bg2 g6 4. c3 Bg7 5. Qb3 Na6 6. Nd2 d5 7. Nh3 e6 8. Nf3
O-O 9. O-O c5 10. Nf4 Ne4 11. c4 cxd4 12. Nd3 dxc4 13. Qxc4 Bd7 14. Nfe5 Rc8
15. Qxd4 Bb5 16. Qe3 Qd5 17. a4 Be8 18. Nf3 Nac5 19. Nd2 Bd4 20. Qf3 Bc6 21.
Nxc5 Bxc5 22. Qb3 Nc3 23. Bxd5 Nxe2+ 24. Kg2 Bxd5+ 25. Qxd5 exd5 26. Nb3 f4 27.
Bxf4 Nxf4+ 28. gxf4 Rxf4 29. Rad1 Rf5 30. Rd3 b6 31. Rc3 Rc7 32. f3 Bd6 33.
Rxc7 Bxc7 34. Rc1 Be5 35. Rc2 Rf4 36. Re2 Bf6 37. a5 Rb4 38. axb6 axb6 39. Re3
Bxb2 40. Rd3 Kf7 41. f4 Ke6 42. Kf3 Bf6 43. Nc1 Rc4 44. Ne2 b5 45. f5+ Ke5 46.
fxg6 hxg6 47. Re3+ Re4 48. Rb3 b4 49. Nc1 Kd6 50. Nd3 Bc3 51. Rb1 g5 52. h3 Kc6
53. Rg1 Bd2 1/2-1/2

[Event "Liga Madrileña - DH 2016-2017"]
[Site "Madrid ESP"]
[Date "2017.02.05"]
[Round "8.14"]
[White "Mansilla Tolosa, Luis Eduardo"]
[Black "Gil Quilez, David"]
[Result "0-1"]
[WhiteElo "2057"]
[BlackElo "2208"]
[PlyCount "108"]
[EventDate "2016.11.20"]
[EventType "team-tourn"]
[EventRounds "14"]
[EventCountry "ESP"]
[SourceTitle "Ajedrez en Madrid"]
[Source "lmi"]
[SourceDate "2016.11.20"]
[WhiteTeam "Moratalaz"]
[BlackTeam "La Casa del Ajedrez"]
[WhiteTeamCountry "ESP"]
[BlackTeamCountry "ESP"]

1. d4 f5 2. Nf3 Nf6 3. g3 g6 4. Bg2 Bg7 5. O-O O-O 6. b3 c5 7. e3 Ne4 8. Bb2
Nc6 9. c4 e6 10. Nc3 d5 11. cxd5 exd5 12. Rc1 cxd4 13. Nxd4 Nxd4 14. exd4 Be6
15. f3 Nd6 16. Re1 Re8 17. Bf1 a6 18. Na4 f4 19. Nc5 Qf6 20. Nxe6 Rxe6 21. Rxe6
Qxe6 22. Qe1 Qxe1 23. Rxe1 fxg3 24. hxg3 Nf5 25. Kf2 Rc8 26. Re2 Bxd4+ 27. Bxd4
Nxd4 28. Rd2 Rc2 29. Rxc2 Nxc2 30. Bh3 Kf7 31. Bc8 b6 32. Bxa6 Nb4 33. Bb7 Ke6
34. Bc8+ Ke5 35. a3 Nc2 36. a4 Kd4 37. Be6 Nb4 38. f4 h6 39. Kf3 g5 40. f5 Ke5
41. Kg4 Kf6 42. Kf3 Ke5 43. g4 Nd3 44. Ke3 Nc5 45. Bf7 Nxb3 46. Be8 Nc5 47. Bc6
Ne4 48. Bb7 Nf6 49. Kf3 Kd4 50. Bc6 Kc4 51. Bb5+ Kc3 52. Be2 d4 53. Kf2 d3 54.
Bf3 Kc2 0-1